01545nam a2200265 a 450000100100000000500170001000800410002702000180006804000250008610000320011124500990014326000600024230000280030249000430033050000570037350000340043070000380046495201200050295201200062295201980074295201050094095201110104595201060115699900170126200003802820240508073817.0130312s2012 dr a 000 0 spa d a9789945074567 aDO-SdBNPbspacBNPHU1 aAbad, José Ramón96442810aEconomía, agricultura y producción /cJosé Ramón Abad ; editor Andrés Blanco Díaz. aSanto Domingo :bArchivo General de la Nación,c2012. a572 p. :bil. ;c24 cm.1 aArchivo General de la Naciónvv. 165 aIncluye datos biográficos del autor en las solapas aIncluye índice onomástico1 aBlanco Díaz, Andréseed.9172 001054708DSaGRbGRcHDd2013-03-12iLF1l0o p38028-30r2020-06-25te. 3w2020-06-25yLFDSZPréstamo en sala 001054708DSaGRbGRcHDd2013-05-09iLF1l0o p38028-40r2020-06-25te. 4w2020-06-25yLFDSZPréstamo en sala 001054708DSaGRbGRcHDd2015-07-01iLF1l0o p38028-50r2020-06-25te. 5w2020-06-25yLFDSzPerteneció a la biblioteca personal de Chiqui Vicioso / Fidelio Despradel.ZPréstamo en sala 0010718PDaPDbPDcHDd2013-03-12iLF1l0o p38028-10r2020-06-25w2020-06-25yLFPDZNo se presta 0010718PDaPDbPDcHDd2013-03-12iLF1l0o p38028-20r2020-06-25te. 2w2020-06-25yLFPDZNo se presta 00107-18PDaPDbPDcOId2013-03-12iLF1l0o p38029-10r2020-06-25w2020-06-25yLFPDZNo se presta c37518d37518